Statistics for Countries in the Austria-Hungary Empire

Click here to take the quiz!

General Stats

  • This quiz has been taken 126 times
  • The average score is 12 of 14

Answer Stats

Answer% Correct
Austria
99%
Hungary
99%
Croatia
97%
Czech Republic
97%
Serbia
96%
Slovakia
96%
Bosnia and Herzegovina
95%
Romania
95%
Slovenia
95%
Poland
91%
Montenegro
86%
Ukraine
86%
Italy
84%
China
23%

Score Distribution

Percentile by Number Answered

Percent of People with Each Score

Your Score History

You have not taken this quiz